| Поле | Название | Значение |
| |
Тип записи |
a |
| |
Библиографический уровень |
m |
| 001 |
Контрольный номер |
RU/IS/BASE/359635015 |
| 005 |
Дата корректировки |
20250815143200.6 |
| 010 |
Индекс ISBN |
__ |
| d |
Цена |
1-04 |
| 101 |
Язык документа |
0_ |
| a |
Язык текста |
rus |
| c |
Язык оригинала |
rus |
| 200 |
Заглавие и сведения об ответственности |
1_ |
| a |
Заглавие |
Пошехонская старина |
| f |
Первые сведения об ответственности |
М. Е. Салтыков-Щедрин ; вступ. ст. Г. Иванова |
| b |
Общее обозначение материала |
Текст |
| 210 |
Выходные данные |
1_ |
| a |
Место издания |
Л. |
| c |
Издательство |
Худож. лит. |
| d |
Дата издания |
1975 |
| 215 |
Физическое описание |
__ |
| a |
Объем |
520 с. |
| 606 |
Тематические рубрики |
__ |
| a |
Основная рубрика |
Художественная литература |
| 606 |
Тематические рубрики |
__ |
| a |
Основная рубрика |
Русская литература XIX в. (произведения) |
| 610 |
Ключевые слова |
0_ |
| a |
Ключевые слова |
детская литература; проза; прозаики; писатели; повести; рассказы |
| 686 |
Индексы других классификаций |
__ |
| a |
Классификационный индекс |
ст84(2Рос=Рус)1-4 |
| 700 |
Автор |
_1 |
| a |
Фамилия |
Салтыков-Щедрин |
| b |
Имя |
М. Е. |
| 4 |
Код отношения |
070 |
| g |
Полное личное имя |
Михаил Евграфович |
| 702 |
Вторичная интеллектуальная ответственность |
_1 |
| a |
Фамилия |
Иванов |
| b |
Имя |
Г. |
| 4 |
Код отношения |
Автор вступительной статьи |
| 801 |
Источник записи |
_0 |
| a |
Страна |
RU |
| b |
Организация |
Муниципальное бюджетное учреждение культуры "Централизованная библиотечная система" г. Сургут (Центральная городская библиотека им. А. С. Пушкина) |
| g |
Правила каталогизации |
ЦДБ/Кундохова В. С. |
| 801 |
Источник записи |
_1 |
| a |
Страна |
RU |
| b |
Организация |
Муниципальное бюджетное учреждение культуры "Централизованная библиотечная система" г. Сургут (Центральная городская библиотека им. А. С. Пушкина) |
| g |
Правила каталогизации |
ЦДБ/Кундохова В. С. |
| 852 |
Данные о местонахождении |
__ |
| j |
Шифр хранения |
ст84(2Рос=Рус)1-4 |
| c |
Каталожный индекс |
ст84(2Рос=Рус)1-4 |
| i |
Авторский знак |
С 16 |
| p |
Инвентарный номер |
19924(д) |
| 901 |
Тип документа |
__ |
| t |
Тип документа |
m |
| 903 |
Характеристики (МАРС) |
__ |
| a |
Дата передачи |
20110525 |
| 990 |
Данные о заказе (DOS) |
__ |
| j |
Количество экземпляров (DOS) |
1 |
| t |
N записи в КСУ для И/У (DOS) |
ретр |